[Event "RC-2011-0-00091"]
[Site "LSS email"]
[Date "2012.01.09"]
[Round "?"]
[White "Ermolaev, Maksim Andreevich"]
[Black "Esser, Wolfgang"]
[Result "1-0"]
[WhiteElo "1927"]
[BlackElo "1700"]
[PlyCount "31"]
[EventDate "2011.11.19"]
[EventType "tourn (corr)"]
[EventRounds "6"]
[EventCountry "GER"]
[SourceTitle "Corr 2015"]
[Source "ChessBase"]
[SourceDate "2015.07.17"]
[SourceVersion "1"]
[SourceVersionDate "2015.07.17"]
[SourceQuality "1"]

1. e4 d5 2. exd5 Nf6 3. c4 c6 4. Qa4 e5 5. dxe6 Bc5 6. Nc3 Bxe6 7. Nf3 0-0 8. Be2 Re8 9. h3 Nbd7 10. 0-0 a6 11. d4 Bd6 12. Qc2 b5 13. b3 b4 14. Nd1 Nf8 15. Re1 Qd7 16. Ne3 1-0

[Event "RC-2011-0-00091"]
[Site "LSS email"]
[Date "2012.01.04"]
[Round "?"]
[White "Pott, Brian"]
[Black "Esser, Wolfgang"]
[Result "1-0"]
[WhiteElo "1695"]
[BlackElo "1700"]
[PlyCount "31"]
[EventDate "2011.11.19"]
[EventType "tourn (corr)"]
[EventRounds "6"]
[EventCountry "GER"]
[SourceTitle "Corr 2015"]
[Source "ChessBase"]
[SourceDate "2015.07.17"]
[SourceVersion "1"]
[SourceVersionDate "2015.07.17"]
[SourceQuality "1"]

1. e4 d5 2. exd5 Nf6 3. Nf3 Nxd5 4. d4 Bg4 5. Be2 e6 6. 0-0 Be7 7. c4 Nb6 8. Nc3 0-0 9. Be3 Nc6 10. b3 Bf6 11. Ne4 Be7 12. h3 Bf5 13. Bd3 a5 14. Nc3 Bxd3 15. Qxd3 Bf6 16. a3 1-0